Run your own business (Record no. 80269)

MARC details
000 -LEADER
fixed length control field 00813nam a2200193 a 4500
008 - FIXED-LENGTH DATA ELEMENTS--GENERAL INFORMATION
fixed length control field 130408s2010 ||||||||||||||||| || u
020 ## - INTERNATIONAL STANDARD BOOK NUMBER
International Standard Book Number 9781444100259
050 ## - LIBRARY OF CONGRESS CALL NUMBER
Classification number HD 62.5 Dun
100 ## - MAIN ENTRY--PERSONAL NAME
Personal name Duncan, Kevin
245 10 - TITLE STATEMENT
Title Run your own business
Statement of responsibility, etc. by Kevin Duncan
260 ## - PUBLICATION, DISTRIBUTION, ETC.
Place of publication, distribution, etc. London:
Name of publisher, distributor, etc. Hodder Education
Date of publication, distribution, etc. 2010
300 ## - PHYSICAL DESCRIPTION
Extent xxvi, 178p.
490 ## -
-- Teach yourself
500 ## - GENERAL NOTE
General note Includes Bibliography
650 ## - SUBJECT ADDED ENTRY--TOPICAL TERM
Topical term or geographic name entry element SMALL BUSINESS--MANAGEMENT
650 ## - SUBJECT ADDED ENTRY--TOPICAL TERM
Topical term or geographic name entry element NEW BUSINESS ENTERPRISES--PLANNING
995 ## -
-- MAIN LIBRARY OPEN ACCESS
-- 743665
-- CBU-MAIN LIBRARY (Kitwe)
-- HD 62.5 Dun
-- 2
-- AVAILABLE
-- Jun 19, 2013
-- 743665
-- Main Library Open Access Collection
995 ## -
-- MAIN LIBRARY OPEN ACCESS
-- 743664
-- CBU-MAIN LIBRARY (Kitwe)
-- HD 62.5 Dun
-- 1
-- AVAILABLE
-- Jun 19, 2013
-- 743664
-- Main Library Open Access Collection
999 ## -
-- 80269
-- 80269
Holdings
Withdrawn status Lost status Source of classification or shelving scheme Damaged status Not for loan Permanent Location Current Location Shelving location Date acquired Total Checkouts Full call number Barcode Date last seen Date last checked out Copy number Price effective from Koha item type
          CBU-MAIN LIBRARY, KITWE. CBU-MAIN LIBRARY, KITWE.   06/29/2023 1 HD 62.5 Dun 743665 02/05/2025 01/22/2025 1 06/29/2023 MONOGRAPH
          CBU-MAIN LIBRARY, KITWE. CBU-MAIN LIBRARY, KITWE.   06/29/2023   HD 62.5 Dun 743664 06/29/2023   2 06/29/2023 MONOGRAPH